The territory of Wyoming; (Record no. 51738)

MARC details
000 -LEADER
fixed length control field 00596cam a22002051 4500
001 - CONTROL NUMBER
control field rc 01000167
003 - CONTROL NUMBER IDENTIFIER
control field DLC
005 - DATE AND TIME OF LATEST TRANSACTION
control field 20260227111859.0
008 - FIXED-LENGTH DATA ELEMENTS--GENERAL INFORMATION
fixed length control field 800128s1874 wyu 000 0 eng
010 ## - LIBRARY OF CONGRESS CONTROL NUMBER
LC control number rc 01000167
035 ## - SYSTEM CONTROL NUMBER
System control number (OCoLC)5919721
040 ## - CATALOGING SOURCE
Original cataloging agency DLC
Transcribing agency UU
Modifying agency DLC
042 ## - AUTHENTICATION CODE
Authentication code premarc
050 00 - LIBRARY OF CONGRESS CALL NUMBER
Classification number F761
Item number .W64
110 1# - MAIN ENTRY--CORPORATE NAME
Corporate name or jurisdiction name as entry element Wyoming.
Subordinate unit Board of Immigration.
245 14 - TITLE STATEMENT
Title The territory of Wyoming;
Remainder of title its history, soil, climate, resources, etc. ...
260 ## - PUBLICATION, DISTRIBUTION, ETC.
Place of publication, distribution, etc. Laramie,
Name of publisher, distributor, etc. Daily sentinel print,
Date of publication, distribution, etc. 1874.
300 ## - PHYSICAL DESCRIPTION
Extent 83, [1] p.
Dimensions 22 cm.
651 #0 - SUBJECT ADDED ENTRY--GEOGRAPHIC NAME
Geographic name Wyoming
General subdivision Description and travel.

No items available.

Powered by Koha